000 00575nam a22002051a 4500
003 NEGST
005 20110718132534.0
008 030613s1992 txu 001 0 eng d
020 _a0883126117
245 0 3 _aAn index of Nigerian languages /
_ced. by D.H. Crozier and R.M. Blench.
_h[Text]
250 _a2d ed.
260 _aDallas, TX
_bSIL
_cc1992
300 _aiv, 137p : map.
500 _aIncludes bibliography.
590 _aAccession number: 19762
650 0 _aNigeria
_xLanguages.
700 1 _aCrozier, David H.
700 1 _aBlench, Roger M.
999 _c37670
_d37670